000
00303nam a2200109 a 4500
005
20240503073631.0
008
140402s1971 000 spa d
100
1
_a
Cervantes Saavedra, Miguel de,
_d
1547-1616
_9
3070
245
0
_a
Entremeses.
260
_a
Madrid -- Libra,
_c
1971 -- 196 p.
999
_c
43156
_d
43156
040
_a
DO-SdBNP